<?xml version="1.0" encoding="UTF-8"?>
<record
    xmlns:xsi="http://www.w3.org/2001/XMLSchema-instance"
    xsi:schemaLocation="http://www.loc.gov/MARC21/slim http://www.loc.gov/standards/marcxml/schema/MARC21slim.xsd"
    xmlns="http://www.loc.gov/MARC21/slim">

  <leader>00747cam a22002657a 4500</leader>
  <datafield tag="952" ind1=" " ind2=" ">
    <subfield code="0">0</subfield>
    <subfield code="1">0</subfield>
    <subfield code="4">0</subfield>
    <subfield code="7">0</subfield>
    <subfield code="8">FIC</subfield>
    <subfield code="a">CCL</subfield>
    <subfield code="b">CCL</subfield>
    <subfield code="c">GEN</subfield>
    <subfield code="d">2021-03-25</subfield>
    <subfield code="l">0</subfield>
    <subfield code="o">PL8842 SIG 2005</subfield>
    <subfield code="p">G21505</subfield>
    <subfield code="r">2021-03-25 00:00:00</subfield>
    <subfield code="t">c.1</subfield>
    <subfield code="w">2021-03-25</subfield>
    <subfield code="y">BK</subfield>
  </datafield>
  <datafield tag="952" ind1=" " ind2=" ">
    <subfield code="0">0</subfield>
    <subfield code="1">0</subfield>
    <subfield code="4">0</subfield>
    <subfield code="7">0</subfield>
    <subfield code="8">FIC</subfield>
    <subfield code="a">CCL</subfield>
    <subfield code="b">CCL</subfield>
    <subfield code="d">2021-04-06</subfield>
    <subfield code="l">0</subfield>
    <subfield code="o">PL8842 SIG 2005</subfield>
    <subfield code="p">9098</subfield>
    <subfield code="r">2021-04-06 00:00:00</subfield>
    <subfield code="t">c-1</subfield>
    <subfield code="w">2021-04-06</subfield>
    <subfield code="y">BK</subfield>
  </datafield>
  <datafield tag="952" ind1=" " ind2=" ">
    <subfield code="0">0</subfield>
    <subfield code="1">0</subfield>
    <subfield code="4">0</subfield>
    <subfield code="7">0</subfield>
    <subfield code="8">FIC</subfield>
    <subfield code="a">CCL</subfield>
    <subfield code="b">CCL</subfield>
    <subfield code="c">GEN</subfield>
    <subfield code="d">2021-04-28</subfield>
    <subfield code="l">0</subfield>
    <subfield code="o">PL8842 SIG 2005</subfield>
    <subfield code="p">G22135</subfield>
    <subfield code="r">2021-04-28 00:00:00</subfield>
    <subfield code="t">c.3</subfield>
    <subfield code="w">2021-04-28</subfield>
    <subfield code="y">BK</subfield>
  </datafield>
  <datafield tag="952" ind1=" " ind2=" ">
    <subfield code="0">0</subfield>
    <subfield code="1">0</subfield>
    <subfield code="4">0</subfield>
    <subfield code="7">0</subfield>
    <subfield code="8">FIC</subfield>
    <subfield code="a">CCL</subfield>
    <subfield code="b">CCL</subfield>
    <subfield code="c">GEN</subfield>
    <subfield code="d">2021-04-28</subfield>
    <subfield code="l">0</subfield>
    <subfield code="o">PL8842 SIG 2005</subfield>
    <subfield code="p">012506</subfield>
    <subfield code="r">2021-04-28 00:00:00</subfield>
    <subfield code="t">c.4</subfield>
    <subfield code="w">2021-04-28</subfield>
    <subfield code="y">BK</subfield>
  </datafield>
  <datafield tag="952" ind1=" " ind2=" ">
    <subfield code="0">0</subfield>
    <subfield code="1">0</subfield>
    <subfield code="4">0</subfield>
    <subfield code="7">0</subfield>
    <subfield code="8">FIC</subfield>
    <subfield code="a">CCL</subfield>
    <subfield code="b">CCL</subfield>
    <subfield code="c">GEN</subfield>
    <subfield code="d">2021-04-28</subfield>
    <subfield code="l">0</subfield>
    <subfield code="o">PL8842 SIG 2005</subfield>
    <subfield code="p">G22110</subfield>
    <subfield code="r">2021-04-28 00:00:00</subfield>
    <subfield code="t">c.5</subfield>
    <subfield code="w">2021-04-28</subfield>
    <subfield code="y">BK</subfield>
  </datafield>
  <datafield tag="952" ind1=" " ind2=" ">
    <subfield code="0">0</subfield>
    <subfield code="1">0</subfield>
    <subfield code="4">0</subfield>
    <subfield code="7">0</subfield>
    <subfield code="8">FIC</subfield>
    <subfield code="a">CCL</subfield>
    <subfield code="b">CCL</subfield>
    <subfield code="c">GEN</subfield>
    <subfield code="d">2021-04-29</subfield>
    <subfield code="l">0</subfield>
    <subfield code="o">PL8842 SIG 2005</subfield>
    <subfield code="p">012568</subfield>
    <subfield code="r">2021-04-29 00:00:00</subfield>
    <subfield code="t">c.6</subfield>
    <subfield code="w">2021-04-29</subfield>
    <subfield code="y">BK</subfield>
  </datafield>
  <datafield tag="952" ind1=" " ind2=" ">
    <subfield code="0">0</subfield>
    <subfield code="1">0</subfield>
    <subfield code="4">0</subfield>
    <subfield code="7">0</subfield>
    <subfield code="8">FIC</subfield>
    <subfield code="a">CCL</subfield>
    <subfield code="b">CCL</subfield>
    <subfield code="c">GEN</subfield>
    <subfield code="d">2021-04-29</subfield>
    <subfield code="l">0</subfield>
    <subfield code="o">PL8842 SIG 2005</subfield>
    <subfield code="p">012505</subfield>
    <subfield code="r">2021-04-29 00:00:00</subfield>
    <subfield code="t">c.7</subfield>
    <subfield code="w">2021-04-29</subfield>
    <subfield code="y">BK</subfield>
  </datafield>
  <datafield tag="952" ind1=" " ind2=" ">
    <subfield code="0">0</subfield>
    <subfield code="1">0</subfield>
    <subfield code="4">0</subfield>
    <subfield code="7">0</subfield>
    <subfield code="8">FIC</subfield>
    <subfield code="a">MCL</subfield>
    <subfield code="b">MCL</subfield>
    <subfield code="c">GEN</subfield>
    <subfield code="d">2021-05-21</subfield>
    <subfield code="l">1</subfield>
    <subfield code="o">PL8842 SIG 2005</subfield>
    <subfield code="p">012565</subfield>
    <subfield code="r">2021-11-13 00:00:00</subfield>
    <subfield code="s">2021-11-07</subfield>
    <subfield code="t">c.8</subfield>
    <subfield code="w">2021-05-21</subfield>
    <subfield code="y">BK</subfield>
  </datafield>
  <datafield tag="999" ind1=" " ind2=" ">
    <subfield code="c">4901</subfield>
    <subfield code="d">4901</subfield>
  </datafield>
  <controlfield tag="001">14454906</controlfield>
  <controlfield tag="003">GZU</controlfield>
  <controlfield tag="005">20210325091846.0</controlfield>
  <controlfield tag="008">060717s2005    rh            000 0 nde  </controlfield>
  <datafield tag="010" ind1=" " ind2=" ">
    <subfield code="a">  2006318425</subfield>
  </datafield>
  <datafield tag="020" ind1=" " ind2=" ">
    <subfield code="a">0869227920</subfield>
  </datafield>
  <datafield tag="040" ind1=" " ind2=" ">
    <subfield code="a">DLC</subfield>
    <subfield code="c">DLC</subfield>
    <subfield code="d">DLC</subfield>
  </datafield>
  <datafield tag="041" ind1="0" ind2=" ">
    <subfield code="a">nde</subfield>
    <subfield code="b">eng</subfield>
  </datafield>
  <datafield tag="042" ind1=" " ind2=" ">
    <subfield code="a">lcode</subfield>
  </datafield>
  <datafield tag="050" ind1="0" ind2="0">
    <subfield code="a">PL8842</subfield>
  </datafield>
  <datafield tag="100" ind1="1" ind2=" ">
    <subfield code="a">Sigogo, Ndabezinhle S.,</subfield>
    <subfield code="d">1932-</subfield>
  </datafield>
  <datafield tag="245" ind1="1" ind2="0">
    <subfield code="a">Amandla othando /</subfield>
    <subfield code="c">N.S. Sigogo.</subfield>
  </datafield>
  <datafield tag="260" ind1=" " ind2=" ">
    <subfield code="a">Gweru, Zimbabwe :</subfield>
    <subfield code="b">Mambo Press,</subfield>
    <subfield code="c">2005.</subfield>
  </datafield>
  <datafield tag="300" ind1=" " ind2=" ">
    <subfield code="a">99 p. ;</subfield>
    <subfield code="c">21 cm.</subfield>
  </datafield>
  <datafield tag="520" ind1=" " ind2=" ">
    <subfield code="a">A novel.</subfield>
  </datafield>
  <datafield tag="546" ind1=" " ind2=" ">
    <subfield code="a">In Ndebele, with summary in English.</subfield>
  </datafield>
  <datafield tag="906" ind1=" " ind2=" ">
    <subfield code="a">7</subfield>
    <subfield code="b">cbc</subfield>
    <subfield code="c">origode</subfield>
    <subfield code="d">4</subfield>
    <subfield code="e">ncip</subfield>
    <subfield code="f">20</subfield>
    <subfield code="g">y-gencatlg</subfield>
  </datafield>
  <datafield tag="942" ind1=" " ind2=" ">
    <subfield code="2">lcc</subfield>
    <subfield code="c">BK</subfield>
    <subfield code="h">8842</subfield>
    <subfield code="i">SIG</subfield>
    <subfield code="k">PL</subfield>
    <subfield code="m">2005</subfield>
  </datafield>
</record>
